| 000 | 00376 a2200169 4500 | ||
|---|---|---|---|
| 001 | 74395 | ||
| 020 | _a8508024606 | ||
| 040 | _cAnchieta - Colégio São Paulo | ||
| 100 | _aYazebek, Mustafa | ||
| 240 | 1 | 0 |
_aA Espanha muçulmana _lpor |
| 245 | 1 | 0 | _aA Espanha muçulmana |
| 300 | _a32 | ||
| 362 | 0 | _a1991 | |
| 440 | 1 | _aÁtica | |
| 650 | 4 | _aHistória do mundo | |
| 942 | _cBK | ||
| 999 |
_c74395 _d74395 |
||